00623nam a22001937a 4500003000500000005001700005008004100022010001000063011001000073035001000083040000900093100002800102245010700130260003800237300001900275502008200294650002300376650003000399CHAP20220329141640.0971013s1951 r 00010 d a71650 a72622 a82178 cCHAP00aAguilar Muller, Isabel. aFermentación cítrica causada por varias cepas de Aspergillus niger en diferentes medios de cultivo aMéxico, D.F. :bEl autor,c1951 a47 p.b: ilus. aTesis (Químico Biólogo) -- IPN. Escuela Nacional de Ciencias Biológicas14aAspergillus niger.14aFermentación cítrica.